000 00842cam a2200265 a 4500
001 14706012
005 20180201093817.0
008 070122s2007 cauab b 000 0 eng
010 _a 2007002178
020 _a9781412950176 (pbk.)
020 _a1412950171 (pbk.)
035 _a(OCoLC)ocm79861224
035 _a(OCoLC)79861224
040 _aDLC
_cDLC
_dBAKER
_dBTCTA
_dC#P
_dYDXCP
_dDLC
041 _aeng
080 _a658.4092 ROW
082 0 0 _a658.4092 ROW
_222
100 _a54
101 _aLID
245 0 0 _aCases in leadership /
_c[edited by] W. Glenn Rowe.
504 _aIncludes bibliographical references.
906 _a7
_bcbc
_corignew
_d1
_eecip
_f20
_gy-gencatlg
942 _2ddc
_cBK
999 _c41564
_d41564